000 00315nam a2200145Ia 4500
003 OSt
008 191201s2019 xx 000 0 und d
082 _a658.15
_bMAI
100 _aMACHIRAJU,HR
245 0 _aIndian financial system
260 _bVikas pub
_c2019
300 _a474
650 _aMBA
942 _2ddc
_cBK
999 _c7007
_d7007